Statistics for DragonBall Franchise Characters

Click here to take the quiz!

General Stats

  • This quiz has been taken 44 times
  • The average score is 47 of 185

Answer Stats

Answer% Correct
SaiyanGoku
100%
SaiyanVegeta
100%
Half-SaiyanGohan
97%
NamekianPiccolo
93%
Half-SaiyanGoten
90%
Half-SaiyanTrunks
87%
Bio-AndroidCell
83%
SaiyanNappa
83%
HumanBulma
80%
ArcosianFrieza
80%
HumanKrillin
80%
DestroyerBeerus
77%
DragonShenron
77%
SaiyanBardock
73%
SaiyanRaditz
73%
Android17
70%
Android18
70%
MajinBuu
70%
HumanChi Chi
70%
NamekianKami
70%
SaiyanBroly
67%
NamekianDende
67%
HumanYamcha
67%
FusionGogeta
60%
SaiyanTurles
60%
AngelWhis
60%
Half-SaiyanPan
57%
HumanTien
57%
PotaraVegito
57%
Android19
53%
NamekianNail
53%
Android14
50%
Android13
47%
ArcosianCooler
47%
AndroidDr. Gero
47%
NamekianGuru
47%
SaiyanParagus
47%
Android15
43%
TuffleBaby
43%
Half-SaiyanBulla
43%
DestroyerChampa
43%
AlienDodoria
43%
FusionGotenks
43%
HumanMaster Roshi
43%
HumanVidel
43%
Android8
40%
DestroyerGiin
40%
ArcosianKing Cold
40%
KaiKing Kai
40%
Pig/AlienOolong
40%
DragonPorunga
40%
AngelVados
40%
KaiZamasu
40%
AlienZarbon
40%
SaiyanCabba
37%
Alien/CatPuar
37%
Bio-AndoirdCell Jr.
33%
Saiyan/KaiGoku Black
33%
HumanHercule
33%
SaiyanKale
33%
Fused AndroidSuper 17
33%
AlienMr. Popo
30%
HumanOx King
30%
Majin/HumanUub
30%
Android/Majin21
27%
WizardBibidi
27%
DemonDabura
27%
DemonFu
27%
SaiyanGine
27%
FusionKefla
27%
HeraBojack
23%
AlienBurter
23%
AlienHit
23%
AlienJiren
23%
NamekianLord Slug
23%
HumanMai
23%
AlienPilaf
23%
KaiEast Kai
20%
SaiyanFasha
20%
AlienJanemba
20%
AlienJeice
20%
NamekianKing Piccolo
20%
CatKorin
20%
Fused AndroidSuper 13
20%
AlienToppo
20%
KaiWest Kai
20%
WizardBabadi
17%
AlienChiaotzu
17%
AlienGarlic Jr.
17%
KaiSouth Kai
17%
SaiyanTarble
17%
HumanYajirobe
17%
Majin/AlienYakon
17%
MonkeyBubbles
13%
ArcosianChilled
13%
ArcosianFrost
13%
Half-SaiyanGoku Jr.
13%
KaiGrand Kai
13%
AlienKing Yemma
13%
HumanLaunch
13%
HumanMarron
13%
AlienMoro
13%
AlienPikkon
13%
DragonSuper Shenron
13%
KonatsianTapion
13%
Half-SaiyanVegeta Jr.
13%
MajinYamu
13%
AlienAppule
10%
AlienCaptain Ginyu
10%
AlienCui
10%
SaiyanCumber
10%
KaiElder Kai
10%
HumanGeneral Blue
10%
KaiGowasu
10%
HumanGrandpa Gohan
10%
GodGrand Priest
10%
AlienGregory
10%
SaibamanSaibaman
10%
AlienTagoma
10%
AlienTambourine
10%
RobotAnilaza
7%
HumanAnnouncer
7%
Alien/WolfBergamo
7%
HeraBido
7%
KaiEast Supreme Kai
7%
KaiGrand Supreme Kai
7%
MajinHirudegarn
7%
AlienJaco
7%
KaiKibito Kai
7%
HeraKogu
7%
AngelMarcarita
7%
HumanMercenary Tao
7%
PotaraMerged Zamasu
7%
Human/MajinSpopovich
7%
SaiyanTora
7%
KaiWest Supreme Kai
7%
HeraZangya
7%
GodZen-Oh
7%
AlienAngol
3%
AlienBotamo
3%
AlienChelai
3%
AlienDyspo
3%
DragonEis Shenron
3%
HumanFarmer with a shotgun
3%
WitchFortuneteller Baba
3%
AlienFroug
3%
DestroyerHelles
3%
RobotMagetta
3%
HumanMaron
3%
DemonMira
3%
KaiNorth Supreme Kai
3%
DragonNuova Shenron
3%
AlienRibrianne
3%
SaiyanShallot
3%
KaiSouth Supreme Kai
3%
KaiSupreme Kai of Time
3%
DragonSyn Shenron
3%
RobotTori Bot
3%
DemonTowa
3%
AlienAbo
0%
Giant humanAnnin
0%
RobotArale
0%
AlienBerryblue
0%
HeraBujin
0%
AlienCado
0%
Alien MachineGeneral Rilldo
0%
DemonGoz
0%
AlienHatchiyack
0%
DragonHaze Shenron
0%
AlienHearts
0%
AlienKasheral
0%
AlienLagss
0%
AlienMaraikoh
0%
AngelMerus
0%
DemonMez
0%
KonatsianMinotia
0%
DragonNaturon Shenron
0%
DragonOceanus Shenron
0%
AlienOlibu
0%
AlienOracle Fish
0%
DragonRage Shenron
0%
AlienSalza
0%
AlienSheela
0%
DestroyerSidra
0%
AlienTorbie
0%

Score Distribution

Percentile by Number Answered

Percent of People with Each Score

Your Score History

You have not taken this quiz